| 000 | 02285nam a22003737a 4500 | ||
|---|---|---|---|
| 001 | 100389 | ||
| 003 | KnowledgeUnlatched | ||
| 005 | 20210303105349.0 | ||
| 006 | m o d | ||
| 007 | cr u|||||||||| | ||
| 008 | 210129p20172017miu o u00| u eng d | ||
| 035 | _a(OCoLC)974947641 | ||
| 037 | _5BiblioBoard | ||
| 245 | 0 | 0 |
_aChina and the West _bMusic, Representation, and Reception / _cHon-Lun Yang, Michael Saffle. |
| 020 | _a9780472130313 | ||
| 029 | 1 | _ahttps://library.biblioboard.com/ext/api/media/c19e6fc5-27cc-4185-9e23-cb90a213f626/assets/thumbnail.jpg | |
| 040 |
_aScCtBLL _cScCtBLL |
||
| 506 | 0 |
_aAccess copy available to the general public. _fUnrestricted _2star |
|
| 700 | 1 |
_aYang, Hon-Lun _eeditor. |
|
| 700 | 1 |
_aSaffle, Michael _eeditor. |
|
| 264 | 1 | _bUniversity of Michigan Press, | |
| 300 | _a1 online resource (345 p.) | ||
| 520 | _aChina and the West: Music, Representation, and Reception is the first book to explore how Chinese and Western musical materials and traditions- those involving instruments, melodies, rhythms, staged diversions (including operas and musical comedies), concert works, film scores, and digital recordings of several kinds- have gradually moved closer together and become increasingly accepted, as well as exploited, in Asia as well as Europe and North America. Although aimed in large part at a scholarly audience, China and the West should appeal to general readers of many kinds: those interested in politics, cultural history and theory, gender studies, sociology, theater, and media studies as well as musical composition and performance of classical as well as traditional and popular kinds. | ||
| 588 | 0 | _aDescription based on print version record. | |
| 590 | _aKU Select 2016 Front List Collection | ||
| 650 | 7 |
_aMusic / Ethnomusicology _2bisacsh |
|
| 650 | 0 | _aMusic | |
| 655 | 0 | _aElectronic books. | |
| 758 |
_iIs found in: _aKnowledge Unlatched _1https://openresearchlibrary.org/module/2774bc74-146a-484f-a7ba-ab1d6a09bbfb |
||
| 856 | 4 | 0 |
_uhttps://openresearchlibrary.org/content/c19e6fc5-27cc-4185-9e23-cb90a213f626 _zView this content on Open Research Library. _70 |
| 999 |
_c24743 _d24743 |
||